000 00868nam a2200193Ia 4500
001 23812
003 GE_BSU
008 181216s||||||||xx |||||||||||||| ||und||
040 _cGE_BSU
245 _aაუდიტი, აღრიცხვა, ფინანსები. №10(226) 2018.
245 _bყოველთვიური ჟურნალი მეწარმეებისა და ფინანსისტებისათვის
245 _cგენ.დირ.ფრიდონ ალშიბაია,. მთ.რედ.გიორგი ცერცვაძე.
260 _aთბილისი
260 _c2018წელი
300 _a56გვ;30სმ;
653 _aაუდიტი, აღრიცხვა, ფინანსები. №10(226) 2018.
653 _aპერიოდიკა
942 _cCR
999 _c56690
_d56690